The Great Papal Scorecard Quiz Stats

Quiz Updated Mar 12, 2013

Challenge
Share
Tweet
Embed
Score 0/266 Timer 05:00
0 Plays Today
Pope Nation % Correct
AnacletusItaly
99.5%
Clement IItaly
99.5%
Alexander IItaly
99.5%
Sixtus IItaly
99.5%
SoterItaly
99.5%
ZypherinusItaly
99.5%
Urban IItaly
99.5%
PontianItaly
99.5%
FabianItaly
99.5%
CorneliusItaly
99.5%
Lucius IItaly
99.5%
Stephen IItaly
99.5%
Felix IItaly
99.5%
MarkItaly
99.5%
Julius IItaly
99.5%
LiberiusItaly
99.5%
SiriciusItaly
99.5%
Anastasius IItaly
99.5%
Innocent IItaly
99.5%
Boniface IItaly
99.5%
Celestine IItaly
99.5%
Sixtus IIIItaly
99.5%
Leo IItaly
99.5%
Felix IIIItaly
99.5%
Galasius IItaly
99.5%
Anastasius IIItaly
99.5%
Boniface IIItaly
99.5%
John IIItaly
99.5%
Agapetus IItaly
99.5%
SilveriusItaly
99.5%
VigiliusItaly
99.5%
Sergius IVItaly
99.4%
Benedict VIIIItaly
99.4%
John XIXItaly
99.4%
Benedict IXItaly
99.4%
Sylvester IIIItaly
99.4%
Gregory VIItaly
99.4%
Benedict IXItaly
99.4%
Benedict IXItaly
99.4%
Pelagius IItaly
99.4%
John IIIItaly
99.4%
Benedict IItaly
99.4%
Pelagius IIItaly
99.4%
Gregory IItaly
99.4%
SabinianItaly
99.4%
Boniface IIIItaly
99.4%
Boniface IVItaly
99.4%
Adeodatus IItaly
99.4%
Boniface VItaly
99.4%
SeverinusItaly
99.4%
Eugene IItaly
99.4%
Adeodatus IIItaly
99.4%
DonusItaly
99.4%
Benedict IIItaly
99.4%
Gregory IIItaly
99.4%
Stephen IIItaly
99.4%
Paul IItaly
99.4%
Adrian IItaly
99.4%
Leo IIIItaly
99.4%
Stephen IVItaly
99.4%
Paschal IItaly
99.4%
Euguene IIItaly
99.4%
ValentineItaly
99.4%
Gregory IVItaly
99.4%
Sergius IIItaly
99.4%
Leo IVItaly
99.4%
Benedict IIIItaly
99.4%
Nicholas IItaly
99.4%
Adrian IIItaly
99.4%
John VIIIItaly
99.4%
Marinus IItaly
99.4%
Adrian IIIItaly
99.4%
Stephen VItaly
99.4%
FormosusItaly
99.4%
Boniface VIItaly
99.4%
Stephen VIItaly
99.4%
RomanusItaly
99.4%
Theodore IIItaly
99.4%
Benedict IVItaly
99.4%
Leo VItaly
99.4%
Sergius IIIItaly
99.4%
Anastasius IIIItaly
99.4%
LandoItaly
99.4%
Leo VIItaly
99.4%
Stephen VIIItaly
99.4%
John XIItaly
99.4%
Leo VIIItaly
99.4%
Stephen VIIIItaly
99.4%
Marinus IIItaly
99.4%
Pope Nation % Correct
Agapetus IIItaly
99.4%
John XIIItaly
99.4%
Benedict VItaly
99.4%
Leo VIIIItaly
99.4%
John XIIIItaly
99.4%
Benedict VIItaly
99.4%
Benedict VIIItaly
99.4%
John XVItaly
99.4%
John XVIIItaly
99.4%
Pius XItaly
98.3%
Pius XIItaly
98.3%
HilariusItaly
97.9%
SymmachusItaly
97.9%
LinusItaly
97.9%
EutychianItaly
97.9%
MarcellinusItaly
97.9%
Marcellus IItaly
97.9%
MiltiadesItaly
97.9%
John IItaly
97.9%
TelesphorusItaly
97.8%
Pius IItaly
97.8%
AnterusItaly
97.8%
ZosimusItaly
97.8%
SimpliciusItaly
97.8%
HormisdasItaly
97.8%
Sylvester IItaly
97.8%
Felix IVItaly
97.8%
Alexander IIItaly
97.5%
Innocent IVItaly
97.4%
Adrian VItaly
97.4%
Eugene IIIItaly
97.4%
Gregory VIIItaly
97.4%
Paschal IIItaly
97.4%
Honorius IIItaly
97.4%
Innocent IIItaly
97.4%
Celestine IIItaly
97.4%
Lucius IIItaly
97.4%
Anastasius IVItaly
97.4%
Gregory VIIIItaly
97.4%
Clement IIIItaly
97.4%
Celestine IIIItaly
97.4%
Innocent IIIItaly
97.4%
Honorius IIIItaly
97.4%
Gregory IXItaly
97.4%
Alexander IVItaly
97.4%
Nicholas IIIItaly
97.4%
Honorius IVItaly
97.4%
Nicholas IVItaly
97.4%
Boniface VIIIItaly
97.4%
Martin VItaly
97.4%
John XIVItaly
97.3%
Victor IIIItaly
97.3%
Gelasius IIItaly
97.3%
Alexander IIIItaly
97.3%
Lucius IIIItaly
97.3%
Urban IIIItaly
97.3%
Celestine IVItaly
97.3%
Gregory XItaly
97.3%
Benedict XIItaly
97.3%
AgathoItaly
97.3%
Leo IIItaly
97.3%
CononItaly
97.3%
Sergius IItaly
97.3%
Stephen IIIItaly
97.3%
Gregory XIIItaly
97.2%
Eugene IVItaly
97.2%
Paul IIItaly
97.2%
Alexander VIIIItaly
97.2%
Clement XIIIItaly
97.2%
Gregory XVIItaly
97.2%
Celestine VItaly
97.2%
Urban VIItaly
97.2%
Boniface IXItaly
97.2%
Innocent VIIItaly
97.2%
Paul IVItaly
97.2%
Leo XIItaly
97.2%
Innocent XIIItaly
97.2%
Benedict XIIIItaly
97.2%
Pius IVItaly
97.2%
Pius VItaly
97.2%
Gregory XIVItaly
97.2%
Innocent XIItaly
97.2%
John VIIItaly
97.1%
ZacharyItaly
97.1%
VitalianItaly
97.1%
John IXItaly
97.1%
Nicholas VItaly
97.1%
Sixtus IVItaly
97.1%
Innocent VIIIItaly
97.1%
Pope Nation % Correct
Julius IIItaly
97.1%
Martin IItaly
97.1%
Honorius IItaly
97.1%
John XItaly
97.1%
John XVIIIItaly
97.1%
Paul IIIItaly
97.1%
Julius IIIItaly
97.1%
Marcellus IIItaly
97.1%
Gregory XIIIItaly
97.1%
Sixtus VItaly
97.1%
Urban VIIItaly
97.1%
Innocent IXItaly
97.1%
Clement VIIIItaly
97.1%
Paul VItaly
97.1%
Gregory XVItaly
97.1%
Innocent XItaly
97.1%
Clement XItaly
97.1%
Clement XIItaly
97.1%
Innocent XIIIItaly
97.1%
Benedict XIVItaly
97.1%
Clement XIVItaly
97.1%
Pius VIItaly
97.1%
Pius VIIItaly
97.1%
Leo XIIItaly
97.1%
Pius VIIIItaly
97.1%
Pius IXItaly
97.1%
Benedict XVItaly
97.1%
Urban VIIIItaly
97%
Alexander VIIItaly
97%
Clement IXItaly
97%
Clement XIIItaly
97%
Pius IIItaly
97%
Pius IIIItaly
97%
Leo XItaly
97%
Clement VIIItaly
97%
Leo XIIIItaly
97%
Pius XIIItaly
97%
John XXIIIItaly
97%
Paul VIItaly
97%
John Paul IItaly
97%
Clement IIGermany
96.3%
Damasus IIGermany
96.3%
Gregory VGermany
96.3%
Leo IXGermany
96.3%
Victor IIGermany
96.3%
Benedict XVIGermany
96.2%
Callixtus IIFrance
95.1%
Innocent VFrance
95.1%
Stephen IXFrance
95.1%
Sylvester IIFrance
94.9%
Nicholas IIFrance
94.9%
Urban IIFrance
94.9%
Urban IVFrance
94.9%
Clement IVFrance
94.9%
Martin IVFrance
94.9%
Clement VFrance
94.9%
John XXIIFrance
94.9%
Benedict XIIFrance
94.9%
Clement VIFrance
94.9%
Innocent VIFrance
94.9%
Urban VFrance
94.9%
Gregory XIFrance
94.9%
Callixtus ISpain
92.5%
Callixtus IIISpain
91.1%
Alexander VISpain
91.1%
John Paul IIPoland
90.3%
FrancisArgentina
89.1%
Adrian IVUnited Kingdom
87.8%
HyginusGreece
85.3%
EleuterusGreece
85.3%
Sixtus IIGreece
85.3%
DionysiusGreece
85.3%
EusebiusGreece
85.3%
PeterIsrael
83.1%
EvaristusIsrael
82.9%
Damasus IPortugal
82.6%
John VIGreece
81.6%
John XXIPortugal
78.8%
Theodore IIsrael
76.7%
AnicetusSyria
66.4%
Adrian VINetherlands
62.5%
CaiusCroatia
55.3%
John IVCroatia
55.3%
John VSyria
54.3%
SisinniusSyria
54.3%
ConstantineSyria
54.3%
Gregory IIISyria
54.3%
Victor ILibya
52.1%

You're not logged in!

Compare scores with friends on all Sporcle quizzes.
Sign Up with Email
OR
Log In

You Might Also Like...

Show Comments

Extras

Top Quizzes Today


Score Distribution

Your Account Isn't Verified!

In order to create a playlist on Sporcle, you need to verify the email address you used during registration. Go to your Sporcle Settings to finish the process.

Report this User

Report this user for behavior that violates our Community Guidelines.

Details: